Quiz F1 #2 - Statistiques

Statistiques générales
  • Ce quiz a été pris 76 fois
  • Le résultat moyen est 12 sur 16
Statistiques - réponses
Par images Réponse % Correct
Charles Leclerc
100%
Carlos Sainz Jr
97%
Sergio Pérez
90%
Max Verstappen
88%
Lance Stroll
85%
Charles Leclerc
82%
Lewis Hamilton
82%
Max Verstappen
82%
Charles Leclerc
81%
Carlos Sainz Jr
78%
Lance Stroll
75%
Sergio Pérez
75%
Carlos Sainz Jr
74%
Lance Stroll
69%
Fernando Alonzo
50%
Max Verstappen
35%
Aucun quiz correspondant
Distribution des résultats
% des personnes avec chaque résultat
Percentile par nombre de réponses
Votre historique - résultats
Vous n’avez pas pris ce quiz